Antiguos relatos vueltos a contar

Salvato in:
Dettagli Bibliografici
Autore principale: Lu, Sin (autor)
Natura: Libro
Lingua:spagnolo
Pubblicazione: Beijing Ediciones en Lenguas Extranjeras 1972
Edizione:2a. ed
Soggetti:
Tags: Aggiungi Tag
Nessun Tag, puoi essere il primo ad aggiungerne!!

MARC

LEADER 00000nam a2200000 a 4500
001 UCQ8230
003 CL-VaPUC
008 981209e19720000CH |||||||||||||||||spa|d
082 0 4 |a 895.103  |b LUS  |2 21 
100 |a Lu, Sin  |e autor  |9 422059 
245 1 0 |a Antiguos relatos vueltos a contar 
250 |a 2a. ed 
300 |a 163 p 
942 |c BK 
945 |d 19981209 00:00:00  |a cmena 
260 |a Beijing  |b Ediciones en Lenguas Extranjeras  |c 1972 
650 7 |a CUENTOS CHINOS  |2 CL-VaPUC  |9 311186 
650 7 |a NOVELAS CHINAS  |2 CL-VaPUC  |9 352596 
650 7 |a LITERATURA CHINA  |2 CL-VaPUC  |9 352595 
583 |a last modification  |c 19981209 00:00:00  |k Rodrigo Vera 
999 |c 277518  |d 277516 
952 |0 0  |1 0  |4 0  |6 895_103000000000000_LUS_1972  |7 0  |8 A  |9 315505  |a BIBGIM  |b BIBGIM  |d 2019-11-20  |i 1497936  |o 895.103 LUS 1972  |p 1497936  |r 2025-01-15  |w 2019-11-20  |y BK  |k ORI